[Event "Porto district-ch U18"]
[Site "Porto"]
[Date "2006.02.28"]
[Round "4"]
[White "Barbosa, Fabio Emanuel Olive"]
[Black "Pereira, Antonio Pedro Caram"]
[Result "1/2-1/2"]
[WhiteElo "2005"]
[BlackElo "2002"]
[PlyCount "85"]
[EventDate "2006.02.25"]
[EventType "tourn"]
[EventRounds "9"]
[EventCountry "POR"]
[SourceTitle "EXT 2008"]
[Source "ChessBase"]
[SourceDate "2007.11.25"]
[SourceVersion "1"]
[SourceVersionDate "2007.11.25"]
[SourceQuality "1"]

1. e4 e5 2. Nf3 Nc6 3. Bb5 a6 4. Ba4 Nf6 5. 0-0 Be7 6. Re1 b5 7. Bb3 d6 8. c3 Na5 9. Bc2 c5 10. d3 0-0 11. Nbd2 Re8 12. Nf1 Qc7 13. Ng3 g6 14. h3 Kg7 15. Be3 Ng8 16. b3 Nc6 17. d4 cxd4 18. cxd4 Bf6 19. Rc1 b4 20. Bd3 Qb7 21. Bc4 Bd7 22. Bd5 Nge7 23. dxe5 dxe5 24. Ng5 Nxd5 25. Qxd5 Bxg5 26. Bxg5 f6 27. Be3 a5 28. Red1 Re7 29. Qc5 Be8 30. Rd6 Rc8 31. Qb6 Qxb6 32. Bxb6 a4 33. bxa4 Ra8 34. Rdxc6 Bxc6 35. Rxc6 Rxa4 36. Rc2 Rb7 37. Be3 Ra3 38. Rb2 b3 39. axb3 Raxb3 40. Rc2 Rb2 41. Rc8 h5 42. h4 Rd7 43. Rc1 1/2-1/2

[Event "Porto district-ch U18"]
[Site "Porto"]
[Date "2006.02.27"]
[Round "3"]
[White "Simoes, Joao Linhas"]
[Black "Barbosa, Fabio Emanuel Olive"]
[Result "0-1"]
[WhiteElo "1820"]
[BlackElo "2005"]
[PlyCount "50"]
[EventDate "2006.02.25"]
[EventType "tourn"]
[EventRounds "9"]
[EventCountry "POR"]
[SourceTitle "EXT 2008"]
[Source "ChessBase"]
[SourceDate "2007.11.25"]
[SourceVersion "1"]
[SourceVersionDate "2007.11.25"]
[SourceQuality "1"]

1. e4 c6 2. d4 d6 3. h3 Nf6 4. Nc3 Qc7 5. Nf3 e5 6. dxe5 dxe5 7. Bg5 Nbd7 8. Bc4 Bb4 9. Qd3 b5 10. Bb3 0-0 11. Bxf6 Nxf6 12. a3 Be7 13. 0-0-0 Rb8 14. g4 Nd7 15. g5 a5 16. h4 Nc5 17. Qe3 Nxb3+ 18. cxb3 Be6 19. Nb1 c5 20. h5 c4 21. bxc4 Bxc4 22. Qc3 b4 23. Qc2 Rfc8 24. Nbd2 Ba2 25. Ne1 Qb7 0-1

[Event "POR-chC"]
[Site "Vila Real"]
[Date "2005.08.07"]
[Round "5"]
[White "Barbosa, Fabio Emanuel Olive"]
[Black "Barbosa, Francisco Antonio M"]
[Result "1/2-1/2"]
[WhiteElo "2014"]
[BlackElo "1818"]
[PlyCount "64"]
[EventDate "2005.08.03"]
[EventType "swiss"]
[EventRounds "9"]
[EventCountry "POR"]
[SourceTitle "CBM 107 Extra"]
[Source "ChessBase"]
[SourceDate "2005.09.01"]
[SourceVersion "1"]
[SourceVersionDate "2005.09.01"]
[SourceQuality "1"]

1. e4 c6 2. d4 d5 3. Nd2 dxe4 4. Nxe4 Bf5 5. Ng3 Bg6 6. h4 h6 7. Nf3 Nd7 8. h5 Bh7 9. Bd3 Bxd3 10. Qxd3 Ngf6 11. Bf4 e6 12. Ne4 Nxe4 13. Qxe4 Nf6 14. Qe2 Qa5+ 15. Bd2 Qc7 16. 0-0-0 Be7 17. Kb1 0-0 18. c4 c5 19. Be3 cxd4 20. Bxd4 Rac8 21. Ne5 Rfd8 22. b3 Bc5 23. Bc3 b5 24. g4 bxc4 25. Nxc4 Qf4 26. f3 Nd5 27. Be5 Qg5 28. Rhf1 Ne3 29. Rxd8+ Rxd8 30. Re1 Nxc4 31. Qxc4 Qd2 32. Rf1 Rd5 1/2-1/2

[Event "Rio de Janeiro Fexerj Masters"]
[Site "Rio de Janeiro"]
[Date "2005.06.18"]
[Round "1"]
[White "Guimaraes, Wagner Peixoto"]
[Black "Barbosa, Fabio Emanuel Olive"]
[Result "1-0"]
[WhiteElo "2258"]
[BlackElo "2117"]
[PlyCount "29"]
[EventDate "2005.03.08"]
[EventType "swiss"]
[EventRounds "7"]
[EventCountry "BRA"]
[SourceTitle "EXT 2007"]
[Source "ChessBase"]
[SourceDate "2006.11.23"]
[SourceVersion "1"]
[SourceVersionDate "2006.11.23"]
[SourceQuality "1"]

1. d4 Nf6 2. Nf3 d5 3. c4 e6 4. Nc3 Nbd7 5. Bf4 Nh5 6. Bg5 f6 7. Bc1 f5 8. cxd5 exd5 9. Nxd5 Nhf6 10. Nc3 Bb4 11. Qb3 Qe7 12. Bd2 Nb6 13. a3 Ba5 14. Qb5+ Bd7 15. Qxa5 1-0

[Event "Guimaraes op2"]
[Site "Guimaraes"]
[Date "2004.11.??"]
[Round "6"]
[White "Viela, Andre Filipe Folha"]
[Black "Barbosa, Fabio Emanuel Olive"]
[Result "1/2-1/2"]
[WhiteElo "2083"]
[BlackElo "2008"]
[PlyCount "101"]
[EventDate "2004.11.??"]
[EventType "swiss"]
[EventRounds "7"]
[EventCountry "POR"]
[SourceTitle "CBM 103 Extra"]
[Source "ChessBase"]
[SourceDate "2005.01.01"]
[SourceVersion "1"]
[SourceVersionDate "2005.01.01"]
[SourceQuality "1"]

1. e4 c5 2. Nf3 d6 3. Bb5+ Nc6 4. 0-0 Bd7 5. b3 Nf6 6. Re1 e5 7. c3 a6 8. Bxc6 Bxc6 9. d4 Qc7 10. Qc2 Be7 11. Bg5 0-0 12. Nbd2 b5 13. Nf1 h6 14. dxe5 dxe5 15. Bxf6 Bxf6 16. Ne3 Rad8 17. Rad1 Rfe8 18. c4 bxc4 19. Qxc4 Bb5 20. Qc2 Rxd1 21. Rxd1 Rd8 22. Nd5 Qd6 23. Nxf6+ Qxf6 24. Rxd8+ Qxd8 25. Qd2 Qxd2 26. Nxd2 Kf8 27. f3 Ke7 28. Kf2 a5 29. Ke3 Ke6 30. Nb1 Bf1 31. g3 c4 32. Kd2 cxb3 33. axb3 Kd6 34. Kc3 Kc5 35. Nd2 Be2 36. f4 f6 37. fxe5 fxe5 38. Nb1 Bf3 39. Nd2 Be2 40. Nb1 Bf3 41. Na3 Bxe4 42. Nc4 a4 43. bxa4 Bc6 44. Nxe5 Bxa4 45. Kd3 Kd5 46. Ng4 Bd7 47. Nf2 Ke5 48. Ke3 Kf5 49. g4+ Kg6 50. Kf3 h5 51. h3 1/2-1/2

[Event "Gaia Profigaia op"]
[Site "Vila Nova de Gaia"]
[Date "2004.07.11"]
[Round "9"]
[White "Pereira, Antonio Pedro Caram"]
[Black "Barbosa, Fabio Emanuel Olive"]
[Result "1/2-1/2"]
[WhiteElo "1955"]
[BlackElo "2012"]
[PlyCount "34"]
[EventDate "2004.07.03"]
[EventType "swiss"]
[EventRounds "9"]
[EventCountry "POR"]
[SourceTitle "CBM 101 Extra"]
[Source "ChessBase"]
[SourceDate "2004.09.01"]
[SourceVersion "2"]
[SourceVersionDate "2004.09.01"]
[SourceQuality "1"]

1. c4 e5 2. Nc3 Nf6 3. g3 Be7 4. Bg2 d6 5. d3 c6 6. e4 a6 7. a4 a5 8. Nge2 Na6 9. 0-0 Nb4 10. Na2 0-0 11. Nxb4 axb4 12. Bd2 c5 13. h3 Nd7 14. f4 Nb6 15. f5 Bg5 16. b3 Bd7 17. Bxg5 Qxg5 1/2-1/2

[Event "Boavista-ch 3rd"]
[Site "Lisbon"]
[Date "2004.04.07"]
[Round "3"]
[White "Silva, Firmino"]
[Black "Barbosa, Fabio Emanuel Olive"]
[Result "0-1"]
[WhiteElo "2037"]
[BlackElo "1995"]
[PlyCount "66"]
[EventDate "2004.04.05"]
[EventType "swiss"]
[EventRounds "9"]
[EventCountry "POR"]
[SourceTitle "EXT 2005"]
[Source "ChessBase"]
[SourceDate "2004.11.15"]
[SourceVersion "1"]
[SourceVersionDate "2004.11.15"]
[SourceQuality "1"]

1. e4 c5 2. Nf3 Nc6 3. d4 cxd4 4. Nxd4 Nf6 5. Nc3 d6 6. Bc4 e6 7. Be3 a6 8. Qe2 Qc7 9. Bb3 Be7 10. 0-0-0 Bd7 11. g4 Nxd4 12. Rxd4 Bc6 13. g5 Nd7 14. Rg1 Nc5 15. f4 Nxb3+ 16. axb3 b5 17. f5 e5 18. Rdd1 Bd8 19. Kb1 Qb8 20. Nd5 a5 21. f6 g6 22. Rd2 a4 23. b4 0-0 24. Rg4 a3 25. b3 a2+ 26. Ka1 Qc8 27. Rd3 Qa6 28. Bc1 Bxd5 29. exd5 Bb6 30. Rh4 Rfc8 31. Rxh7 Kxh7 32. Qg2 Rxc2 33. Qh3+ Kg8 0-1

[Event "Porto district-ch U16"]
[Site "Porto"]
[Date "2004.02.24"]
[Round "8"]
[White "Viela, Andre Filipe Folha"]
[Black "Barbosa, Fabio Emanuel Olive"]
[Result "1/2-1/2"]
[WhiteElo "2004"]
[BlackElo "1992"]
[PlyCount "79"]
[EventDate "2004.02.??"]
[EventType "tourn"]
[EventRounds "9"]
[EventCountry "POR"]
[SourceTitle "EXT 2005"]
[Source "ChessBase"]
[SourceDate "2004.11.15"]
[SourceVersion "1"]
[SourceVersionDate "2004.11.15"]
[SourceQuality "1"]

1. e4 c5 2. Nf3 a6 3. d4 cxd4 4. Nxd4 Nf6 5. Nc3 d6 6. Bd3 g6 7. 0-0 Bg7 8. h3 0-0 9. Be3 Nbd7 10. Nb3 b6 11. Nd2 Bb7 12. Ne2 Rc8 13. c3 Nc5 14. Bxc5 Rxc5 15. f4 Nd7 16. Rc1 Qa8 17. Rf2 Rfc8 18. Kh2 b5 19. Rb1 R5c7 20. Ng3 e5 21. f5 Re8 22. fxg6 hxg6 23. Qe2 Nc5 24. Rbf1 Bh6 25. Nb3 Ne6 26. Nh1 Nf4 27. Qc2 Bc8 28. Nc1 Be6 29. Ne2 Qc8 30. a3 Qd8 31. Nxf4 Bxf4+ 32. g3 Bh6 33. Re2 Qd7 34. Nf2 a5 35. Qb1 Rb8 36. Qd1 b4 37. axb4 axb4 38. c4 b3 39. Kg2 Bg5 40. Ng4 1/2-1/2

[Event "Guimaraes op"]
[Site "Guimaraes"]
[Date "2004.01.10"]
[Round "1.5"]
[White "Barbosa, Fabio Emanuel Olive"]
[Black "Xavier, Fernando"]
[Result "1-0"]
[WhiteElo "1992"]
[BlackElo "1580"]
[PlyCount "73"]
[EventDate "2004.01.10"]
[EventType "swiss"]
[EventRounds "4"]
[EventCountry "POR"]
[SourceTitle "CBM 098 Extra"]
[Source "ChessBase"]
[SourceDate "2004.03.10"]
[SourceVersion "2"]
[SourceVersionDate "2004.03.10"]
[SourceQuality "1"]

1. e4 e5 2. Nf3 Nc6 3. Bb5 a6 4. Ba4 Nf6 5. 0-0 b5 6. Bb3 Be7 7. Re1 0-0 8. h3 Re8 9. c3 Bb7 10. d4 d6 11. Nbd2 h6 12. Nf1 Qc8 13. Ng3 exd4 14. cxd4 Na5 15. Bc2 c5 16. d5 Nc4 17. Nf5 Qc7 18. Nh2 Nh7 19. f4 Bc8 20. Ne3 Bh4 21. Re2 Nxe3 22. Bxe3 Nf6 23. Bc1 Nh5 24. g4 Ng3 25. Re3 c4 26. Kg2 f5 27. exf5 Rxe3 28. Bxe3 Bb7 29. Bf2 Re8 30. Bxg3 Bxg3 31. Kxg3 Re3+ 32. Nf3 Qc5 33. Qd2 Bxd5 34. Rf1 c3 35. bxc3 Rxc3 36. Bd1 Bxa2 37. Qxa2+ 1-0